000 00459nam a2200181Ia 4500
001 13561
005 20260306164810.0
008 260306t2003||||xx |||||||||||||| ||spa||
041 _aESP
082 _a004.67
_bK96
100 _aKurose, James F.
_eAUT
245 0 _aComputer networking:
_ba top-down approach featuring the internet
260 _c2003
300 _a752 páginas :
_c24 cm.
650 _aGEN
654 _aCCC
942 _cLIB
_dJUS
_fJUS
_2ddc
_n
999 _c13561
_d13561